| 000 | 00443nam a22001817a 4500 | ||
|---|---|---|---|
| 005 | 20180710093450.0 | ||
| 008 | 160524b xxu||||| |||| 00| 0 eng d | ||
| 020 | _a0-07-058959-3 | ||
| 041 | _aeng | ||
| 082 |
_b4745 _a658.15 |
||
| 100 |
_aJae K. & Singel, Joel G. _91181 |
||
| 245 | _aFinancial Management | ||
| 250 | _a2nd Ed. | ||
| 260 |
_aNew Delhi _bAcademic Faundation |
||
| 300 | _a471p, | ||
| 650 |
_aManagement _9241 |
||
| 942 | _cBK | ||
| 999 |
_c1607 _d1606 |
||